Statistics for Major World Religions

Click here to take the quiz!

General Stats

  • This quiz has been taken 45,098 times
  • The average score is 11 of 21

Answer Stats

Answer % Correct
Islam
98%
Christianity
96%
Buddhism
94%
Hinduism
92%
Catholicism
91%
Judaism
82%
Protestantism
78%
Sunnism
67%
Shi'ism
64%
Orthodox Church
64%
Taoism
51%
Shinto (etc.)
47%
Sikhism
44%
Confucianism
35%
Zoroastrianism
31%
Jainism
22%
Baha'i Faith
14%
Shaivism
14%
Vaishnavism
12%
Mahayana
9%
Theravada
9%

Score Distribution

Percentile by Number Answered

Percent of People with Each Score

Your Score History

You have not taken this quiz